[Event "IECC CL6-2001.06"]
[Site "IECC email"]
[Date "2001.02.01"]
[Round "?"]
[White "Bavidge, Nathan"]
[Black "Parrilla, Antonio"]
[Result "0-1"]
[WhiteElo "1327"]
[BlackElo "1325"]
[PlyCount "74"]
[EventDate "2001.??.??"]
[EventType "tourn (corr)"]
[EventRounds "4"]
[SourceTitle "Corr 2008"]
[Source "ChessBase"]
[SourceDate "2008.06.24"]
[SourceVersion "1"]
[SourceVersionDate "2008.06.24"]
[SourceQuality "1"]

1. e4 d6 2. d4 g6 3. Nc3 Bg7 4. Be2 f5 5. Be3 fxe4 6. Nxe4 Nh6 7. c3 Nf5 8. Bf4 0-0 9. Qd2 h6 10. Ng3 g5 11. Nxf5 Bxf5 12. Be3 c5 13. Nf3 Nd7 14. Bd3 g4 15. Nh4 Bxd3 16. Qxd3 cxd4 17. Bxd4 e5 18. Be3 Qxh4 19. Qxd6 Nb6 20. 0-0 Qf6 21. Qd3 Qe6 22. b3 e4 23. Qd2 Nd5 24. Bd4 Bxd4 25. Qxd4 e3 26. fxe3 Qxe3+ 27. Qxe3 Nxe3 28. Rf2 Rae8 29. a4 Rd8 30. Re1 Rd3 31. Rc1 Rc8 32. Rf6 Rcxc3 33. Rxc3 Rxc3 34. Rxh6 Rc2 35. g3 Rg2+ 36. Kh1 Rf2 37. h3 gxh3 0-1

[Event "IECC M email"]
[Site "IECC email"]
[Date "2000.06.07"]
[Round "?"]
[White "Michael, Holger"]
[Black "Bavidge, Nathan"]
[Result "0-1"]
[WhiteElo "1236"]
[BlackElo "1290"]
[PlyCount "21"]
[EventDate "2000.??.??"]
[EventType "tourn (corr)"]
[EventRounds "2"]
[SourceTitle "Corr 2008"]
[Source "ChessBase"]
[SourceDate "2008.06.24"]
[SourceVersion "1"]
[SourceVersionDate "2008.06.24"]
[SourceQuality "1"]

1. e4 e5 2. Nc3 Nf6 3. Nf3 Nc6 4. Bb5 Nd4 5. Bc4 Nc6 6. Ng5 d5 7. exd5 Na5 8. Bb5+ Bd7 9. Qe2 Bd6 10. Bxd7+ Nxd7 11. d3 0-1

[Event "IECC M email"]
[Site "IECC email"]
[Date "2000.01.18"]
[Round "?"]
[White "Bavidge, Nathan"]
[Black "Jones, J Mason"]
[Result "0-1"]
[WhiteElo "1329"]
[BlackElo "1231"]
[PlyCount "50"]
[EventDate "2000.??.??"]
[EventType "tourn (corr)"]
[EventRounds "2"]
[SourceTitle "Corr 2008"]
[Source "ChessBase"]
[SourceDate "2008.06.24"]
[SourceVersion "1"]
[SourceVersionDate "2008.06.24"]
[SourceQuality "1"]

1. e4 c5 2. Nf3 d6 3. d4 cxd4 4. Nxd4 Nf6 5. Nc3 a6 6. Bc4 e6 7. 0-0 Bd7 8. Qf3 e5 9. Nf5 Qc8 10. Bb3 Nc6 11. Qd3 Nxe4 12. Qxe4 Bxf5 13. Qc4 Be6 14. Nd5 Na5 15. Qxc8+ Rxc8 16. Ba4+ b5 17. Bb3 Nxb3 18. Nf6+ gxf6 19. cxb3 Be7 20. Re1 Kd7 21. Be3 Rc6 22. a4 b4 23. Bd2 a5 24. Re3 Rhc8 25. Rh3 Bxh3 0-1

[Event "IECC M email"]
[Site "IECC email"]
[Date "2000.01.18"]
[Round "?"]
[White "Jones, J Mason"]
[Black "Bavidge, Nathan"]
[Result "1-0"]
[WhiteElo "1252"]
[BlackElo "1308"]
[PlyCount "55"]
[EventDate "2000.??.??"]
[EventType "tourn (corr)"]
[EventRounds "2"]
[SourceTitle "Corr 2008"]
[Source "ChessBase"]
[SourceDate "2008.06.24"]
[SourceVersion "1"]
[SourceVersionDate "2008.06.24"]
[SourceQuality "1"]

1. c4 e5 2. g3 Nf6 3. Bg2 Ng4 4. h3 Nf6 5. Nc3 Bc5 6. d3 d6 7. Bg5 h6 8. Bxf6 Qxf6 9. Nf3 Nc6 10. 0-0 Nd4 11. Nxd4 Bxd4 12. e3 Bc5 13. Nd5 Qd8 14. b4 c6 15. bxc5 cxd5 16. Bxd5 Bxh3 17. Bxb7 Bxf1 18. Bxa8 Qxa8 19. Qa4+ Ke7 20. cxd6+ Kxd6 21. Rxf1 Rb8 22. Rc1 Rb2 23. Qa3+ Ke6 24. Qxb2 Qd8 25. Qb3 f5 26. c5+ Kf6 27. c6 f4 28. c7 1-0